000 00558nam a2200205Ia 4500
005 20250923145919.0
008 008 250917s9999 xx 000 0 eng d
037 _aTextual
040 _aDSWL
_beng
_cDSWL
041 _aeng
_2eng
084 _aY:434:6, N94
_qDSWL
100 _aAziz, Abdul
_9840234
245 0 _aPoverty All eaviation in India
_c by Abdul Aziz
260 _aNew Delhi
_bAshish
_c1994
300 _aviii,173p.
365 _aINR
_b250.00
925 _g250.00
942 _cTEXL
_hY:434:6, N94
999 _c1457276
_d1457276